000 00584nam a2200229Ia 4500
003 OSt
005 20221007063250.0
006 a|||||r|||| 00| 0
007 ta
008 221006b |||||||| |||| 00| 0 eng d
024 _a15,865
037 _cTextual
040 _aFLL
_cFLL
_beng
041 _2eng
_aeng
082 _aX663z7, K5
100 _aSimha S.L.N.
245 0 _aInternational liquidity
260 _aBombay
_bPopular Prakashan India
_c1965
300 _a116p
_ccm.
942 _hX663z7, K5
_cTEXL
_2CC
999 _c1130828
_d1130828